<?xml version="1.0" encoding="UTF-8"?>
<record
    xmlns:xsi="http://www.w3.org/2001/XMLSchema-instance"
    xsi:schemaLocation="http://www.loc.gov/MARC21/slim http://www.loc.gov/standards/marcxml/schema/MARC21slim.xsd"
    xmlns="http://www.loc.gov/MARC21/slim">

  <leader>00819nam a2200253 a 4500</leader>
  <datafield tag="999" ind1=" " ind2=" ">
    <subfield code="c">1509</subfield>
    <subfield code="d">1509</subfield>
  </datafield>
  <controlfield tag="008">200107t2009    xxkad||g |||| 001 0 eng d</controlfield>
  <datafield tag="020" ind1=" " ind2=" ">
    <subfield code="a">9780754676881</subfield>
    <subfield code="c">&#x20AC;. 75</subfield>
  </datafield>
  <datafield tag="040" ind1=" " ind2=" ">
    <subfield code="a">KO</subfield>
    <subfield code="b">eng</subfield>
  </datafield>
  <datafield tag="041" ind1="0" ind2=" ">
    <subfield code="a">eng</subfield>
  </datafield>
  <datafield tag="044" ind1=" " ind2=" ">
    <subfield code="a">xxk</subfield>
  </datafield>
  <datafield tag="082" ind1="0" ind2="4">
    <subfield code="2">23</subfield>
    <subfield code="a">387.1</subfield>
    <subfield code="b">N848</subfield>
  </datafield>
  <datafield tag="245" ind1="1" ind2="0">
    <subfield code="a">Port in Proximity :</subfield>
    <subfield code="b">Competition and Coordination among Adjacent Seaports /</subfield>
  </datafield>
  <datafield tag="260" ind1=" " ind2=" ">
    <subfield code="a">Surrey :</subfield>
    <subfield code="b">Ashgate ,</subfield>
    <subfield code="c">2009.</subfield>
  </datafield>
  <datafield tag="300" ind1=" " ind2=" ">
    <subfield code="a">vii , 305 p. :</subfield>
    <subfield code="b">ill., charts. ;</subfield>
    <subfield code="c">24 cm</subfield>
  </datafield>
  <datafield tag="490" ind1="0" ind2=" ">
    <subfield code="a">Transport and Mobility Series ;</subfield>
  </datafield>
  <datafield tag="504" ind1=" " ind2=" ">
    <subfield code="a">Includes Index.</subfield>
  </datafield>
  <datafield tag="650" ind1=" " ind2="0">
    <subfield code="a">Harbors</subfield>
    <subfield code="x">Location</subfield>
    <subfield code="v">Textbooks</subfield>
  </datafield>
  <datafield tag="650" ind1=" " ind2="0">
    <subfield code="a">Harbors</subfield>
    <subfield code="x">Economic aspects</subfield>
    <subfield code="v">Textbooks</subfield>
  </datafield>
  <datafield tag="700" ind1=" " ind2=" ">
    <subfield code="a">Notteboom, Theo</subfield>
    <subfield code="e">edt</subfield>
  </datafield>
  <datafield tag="700" ind1=" " ind2=" ">
    <subfield code="a">Ducruet, Cesar </subfield>
    <subfield code="e">edt</subfield>
  </datafield>
  <datafield tag="700" ind1=" " ind2=" ">
    <subfield code="a">Delangen, Peter </subfield>
    <subfield code="e">edt</subfield>
  </datafield>
  <datafield tag="852" ind1=" " ind2=" ">
    <subfield code="a">KO</subfield>
  </datafield>
  <datafield tag="942" ind1=" " ind2=" ">
    <subfield code="c">RT</subfield>
  </datafield>
  <datafield tag="952" ind1=" " ind2=" ">
    <subfield code="0">0</subfield>
    <subfield code="1">0</subfield>
    <subfield code="2">ddc</subfield>
    <subfield code="4">0</subfield>
    <subfield code="6">387_100000000000000_N848</subfield>
    <subfield code="7">0</subfield>
    <subfield code="8">MANS</subfield>
    <subfield code="9">5495</subfield>
    <subfield code="a">KO</subfield>
    <subfield code="b">KO</subfield>
    <subfield code="c">REF</subfield>
    <subfield code="d">2014-03-04</subfield>
    <subfield code="e">M/s Unique Book Store (Inv. No.2014/65 Dt 2014-03-03)</subfield>
    <subfield code="g">8167.00</subfield>
    <subfield code="o">387.1 N848</subfield>
    <subfield code="p">BK002666</subfield>
    <subfield code="r">2020-01-07</subfield>
    <subfield code="y">BK</subfield>
    <subfield code="z">Shelf-1, Row-1</subfield>
  </datafield>
</record>
